| 000 | 00600nam a2200205 i 4500 | ||
|---|---|---|---|
| 001 | bg | ||
| 100 | 1 | _aAST, Robert | |
| 245 | 1 | 0 |
_aKształtowanie przestrzeni regionów i miast : _bwybrane zagadnienia / _cRobert Ast. |
| 260 |
_aPoznań : _bWydaw. Politechniki Poznańskiej, _ccop. 2001. |
||
| 300 |
_a157 s. : _bil. (w tym kolor.), mapy ; _c24 cm. |
||
| 504 | _aBibliogr. | ||
| 650 | 9 |
_aPlanowanie przestrzenne _zPolska |
|
| 020 | _a8371435940 | ||
| 040 | _cBPK | ||
| 041 | 0 | _apl | |
| 080 | _a711.2(438) | ||
| 920 | _a83-7143-594-0 | ||
| 942 | _cKS | ||
| 008 | s pl f |000 0 pol | ||
| 999 |
_c40231 _d40231 |
||
| 856 |
_uhttp://koha.tu.koszalin.pl/cgi-bin/koha/opac-detail.pl?biblionumber=40231 _yKatalog online BPK |
||